[Event "Benidorm Satellite preliminary"]
[Site "playchess.com #007036"]
[Date "2009.10.24"]
[Round "7"]
[White "Palmolive"]
[Black "Franky Bono"]
[Result "0-1"]
[WhiteElo "2402"]
[BlackElo "2056"]
[PlyCount "86"]
[EventDate "2009.10.24"]
[EventType "swiss (blitz)"]

1. e4 {[%emt 0:00:03]} e5 {[%emt 0:00:01]} 2. Nf3 {[%emt 0:00:01]} Nc6 {[%emt
0:00:01]} 3. Bb5 {[%emt 0:00:02]} a6 {[%emt 0:00:01]} 4. Ba4 {[%emt 0:00:01]}
Nf6 {[%emt 0:00:01]} 5. O-O {[%emt 0:00:01]} Be7 {[%emt 0:00:01]} 6. Bxc6 {
[%emt 0:00:01]} dxc6 {[%emt 0:00:02]} 7. d3 {[%emt 0:00:01]} Bg4 {[%emt 0:00:
02]} 8. Nbd2 {[%emt 0:00:07]} O-O {[%emt 0:00:02]} 9. h3 {[%emt 0:00:01]} Bxf3
{[%emt 0:00:01]} 10. Nxf3 {[%emt 0:00:01]} Qd6 {[%emt 0:00:02]} 11. Be3 {[%emt
0:00:03]} Nd7 {[%emt 0:00:04]} 12. Qe2 {[%emt 0:00:03]} Bf6 {[%emt 0:00:09]}
13. Rad1 {[%emt 0:00:06]} c5 {[%emt 0:00:02]} 14. Nd2 {[%emt 0:00:08]} b5 {
[%emt 0:00:02]} 15. Rfe1 {[%emt 0:00:05]} g6 {[%emt 0:00:05]} 16. Nf1 {[%emt 0:
00:03]} Rfe8 {[%emt 0:00:02]} 17. Bh6 {[%emt 0:00:03]} Nf8 {[%emt 0:00:02]} 18.
Bxf8 {[%emt 0:00:09]} Rxf8 {[%emt 0:00:04]} 19. Ne3 {[%emt 0:00:01]} c6 {[%emt
0:00:03]} 20. Rf1 {[%emt 0:00:02]} Bg7 {[%emt 0:00:03]} 21. g4 {[%emt 0:00:07]}
a5 {[%emt 0:00:08]} 22. Kg2 {[%emt 0:00:04]} a4 {[%emt 0:00:04]} 23. h4 {[%emt
0:00:06]} Qe6 {[%emt 0:00:13]} 24. a3 {[%emt 0:00:10]} Bh6 {[%emt 0:00:15]} 25.
g5 {[%emt 0:00:03]} Bg7 {[%emt 0:00:01]} 26. Qg4 {[%emt 0:00:01]} Qxg4+ {[%emt
0:00:05]} 27. Nxg4 {[%emt 0:00:01]} f6 {[%emt 0:00:01]} 28. Rde1 {[%emt 0:00:
27]} fxg5 {[%emt 0:00:02]} 29. hxg5 {[%emt 0:00:02]} Rf4 {[%emt 0:00:04]} 30.
f3 {[%emt 0:00:02]} Re8 {[%emt 0:00:06]} 31. Nf2 {[%emt 0:00:09]} Bf8 {[%emt 0:
00:08]} 32. Nh3 {[%emt 0:00:02]} Rf7 {[%emt 0:00:03]} 33. f4 {[%emt 0:00:35]}
exf4 {[%emt 0:00:09]} 34. Rxf4 {[%emt 0:00:01]} Bd6 {[%emt 0:00:04]} 35. Rxf7 {
[%emt 0:00:05]} Kxf7 {[%emt 0:00:01]} 36. Rf1+ {[%emt 0:00:04]} Ke7 {[%emt 0:
00:08]} 37. Nf2 {[%emt 0:00:22]} Rf8 {[%emt 0:00:10]} 38. Rb1 {[%emt 0:00:17]}
b4 {[%emt 0:00:13]} 39. Ra1 {[%emt 0:00:08]} b3 {[%emt 0:00:03]} 40. c3 {[%emt
0:00:05]} Bf4 {[%emt 0:00:07]} 41. Nh3 {[%emt 0:00:01]} Be5 {[%emt 0:00:08]}
42. Rf1 {[%emt 0:00:11]} Rxf1 {[%emt 0:00:06]} 43. Kxf1 {[%emt 0:00:01]} Bxc3 {
[%emt 0:00:00] Palmolive resigns} 0-1

[Event "Benidorm Satellite preliminary"]
[Site "playchess.com #007036"]
[Date "2009.10.24"]
[Round "7"]
[White "Dr-Bassem"]
[Black "Pepecuenca2"]
[Result "1-0"]
[WhiteElo "2840"]
[BlackElo "2440"]
[PlyCount "85"]
[EventDate "2009.10.24"]
[EventType "swiss (blitz)"]

1. e4 {[%emt 0:00:01]} d6 {[%emt 0:00:01]} 2. d4 {[%emt 0:00:02]} Nf6 {[%emt 0:
00:00]} 3. Nc3 {[%emt 0:00:00]} e5 {[%emt 0:00:00]} 4. dxe5 {[%emt 0:00:03]}
dxe5 {[%emt 0:00:01]} 5. Qxd8+ {[%emt 0:00:00]} Kxd8 {[%emt 0:00:03]} 6. Bc4 {
[%emt 0:00:00]} Be6 {[%emt 0:00:01]} 7. Bxe6 {[%emt 0:00:01]} fxe6 {[%emt 0:00:
01]} 8. Be3 {[%emt 0:00:02]} Nc6 {[%emt 0:00:03]} 9. O-O-O+ {[%emt 0:00:01]}
Bd6 {[%emt 0:00:05]} 10. f3 {[%emt 0:00:01]} a6 {[%emt 0:00:04]} 11. Nh3 {
[%emt 0:00:06]} Ke7 {[%emt 0:00:07]} 12. Rd3 {[%emt 0:00:07]} b5 {[%emt 0:00:
02]} 13. Rhd1 {[%emt 0:00:02]} Rhd8 {[%emt 0:00:05]} 14. Nf2 {[%emt 0:00:02]}
Na5 {[%emt 0:00:20]} 15. b3 {[%emt 0:00:09]} Nc6 {[%emt 0:00:05]} 16. Kb2 {
[%emt 0:00:04]} Rab8 {[%emt 0:00:07]} 17. R3d2 {[%emt 0:00:19]} h6 {[%emt 0:00:
15]} 18. Nd3 {[%emt 0:00:02]} Nd7 {[%emt 0:00:03]} 19. h4 {[%emt 0:00:05]} Nb4
{[%emt 0:00:06]} 20. Nf2 {[%emt 0:00:13]} Nc6 {[%emt 0:00:05]} 21. h5 {[%emt 0:
00:22]} Nd4 {[%emt 0:00:03]} 22. Ng4 {[%emt 0:00:20]} Nc6 {[%emt 0:00:17]} 23.
Bf2 {[%emt 0:00:04]} Kf7 {[%emt 0:00:22]} 24. Bh4 {[%emt 0:00:01]} Re8 {[%emt
0:00:05]} 25. Rxd6 {[%emt 0:00:02]} cxd6 {[%emt 0:00:05]} 26. Rxd6 {[%emt 0:00:
00]} b4 {[%emt 0:00:26]} 27. Rxd7+ {[%emt 0:00:10]} Kg8 {[%emt 0:00:02]} 28.
Na4 {[%emt 0:00:05]} a5 {[%emt 0:00:07]} 29. Bg3 {[%emt 0:00:09]} Rbd8 {[%emt
0:00:04]} 30. Rc7 {[%emt 0:00:07]} Rc8 {[%emt 0:00:09]} 31. Rxc8 {[%emt 0:00:
07]} Rxc8 {[%emt 0:00:00]} 32. Bxe5 {[%emt 0:00:01]} Rd8 {[%emt 0:00:04]} 33.
Kc1 {[%emt 0:00:05]} Nd4 {[%emt 0:00:05]} 34. Bxd4 {[%emt 0:00:01]} Rxd4 {
[%emt 0:00:00]} 35. Ne5 {[%emt 0:00:06]} Kf8 {[%emt 0:00:02]} 36. Nb6 {[%emt 0:
00:03]} Rd6 {[%emt 0:00:03]} 37. Nbc4 {[%emt 0:00:03]} Ra6 {[%emt 0:00:01]} 38.
Nd3 {[%emt 0:00:15]} Ke7 {[%emt 0:00:04]} 39. Kb2 {[%emt 0:00:03]} Kf6 {[%emt
0:00:01]} 40. f4 {[%emt 0:00:01]} g6 {[%emt 0:00:03]} 41. hxg6 {[%emt 0:00:04]}
Kxg6 {[%emt 0:00:00]} 42. Nc5 {[%emt 0:00:01]} Rc6 {[%emt 0:00:03]} 43. Ne5+ {
[%emt 0:00:01] Pepecuenca2 resigns} 1-0

[Event "Benidorm Satellite preliminary"]
[Site "playchess.com #007036"]
[Date "2009.10.24"]
[Round "7"]
[White "Panosjoydome"]
[Black "Zoschi"]
[Result "0-1"]
[WhiteElo "1734"]
[BlackElo "1631"]
[PlyCount "62"]
[EventDate "2009.10.24"]
[EventType "swiss (blitz)"]

1. e4 {[%emt 0:00:06]} e6 {[%emt 0:00:01]} 2. d3 {[%emt 0:00:01]} d5 {[%emt 0:
00:02]} 3. Nd2 {[%emt 0:00:01]} c5 {[%emt 0:00:06]} 4. g3 {[%emt 0:00:02]} Nc6
{[%emt 0:00:02]} 5. Bg2 {[%emt 0:00:01]} dxe4 {[%emt 0:00:04]} 6. dxe4 {[%emt
0:00:03]} Nf6 {[%emt 0:00:07]} 7. Ngf3 {[%emt 0:00:06]} Be7 {[%emt 0:00:04]} 8.
O-O {[%emt 0:00:05]} O-O {[%emt 0:00:01]} 9. e5 {[%emt 0:00:05]} Nd5 {[%emt 0:
00:05]} 10. Re1 {[%emt 0:00:03]} Qc7 {[%emt 0:00:11]} 11. h4 {[%emt 0:00:12]}
Rd8 {[%emt 0:00:03]} 12. Qe2 {[%emt 0:00:05]} b6 {[%emt 0:00:06]} 13. Nf1 {
[%emt 0:00:03]} Bb7 {[%emt 0:00:06]} 14. N1h2 {[%emt 0:00:06]} Nd4 {[%emt 0:00:
06]} 15. Nxd4 {[%emt 0:00:04]} cxd4 {[%emt 0:00:03]} 16. Ng4 {[%emt 0:00:10]}
Nb4 {[%emt 0:00:14]} 17. Be4 {[%emt 0:00:31]} Bxe4 {[%emt 0:00:19]} 18. Qxe4 {
[%emt 0:00:11]} Nxc2 {[%emt 0:00:07]} 19. Bg5 {[%emt 0:00:15]} Bxg5 {[%emt 0:
00:12]} 20. hxg5 {[%emt 0:00:03]} Nxa1 {[%emt 0:00:03]} 21. Nf6+ {[%emt 0:00:
11]} gxf6 {[%emt 0:00:33]} 22. gxf6 {[%emt 0:00:00]} Kh8 {[%emt 0:00:01]} 23.
Kg2 {[%emt 0:00:11]} Qc2 {[%emt 0:00:03]} 24. Qh4 {[%emt 0:00:19]} d3 {[%emt 0:
00:26]} 25. Qh6 {[%emt 0:00:43]} Rg8 {[%emt 0:00:11]} 26. Rxa1 {[%emt 0:00:08]}
d2 {[%emt 0:00:19] '} 27. Qh5 {[%emt 0:00:03]} Qe4+ {[%emt 0:00:11]} 28. f3 {
[%emt 0:00:02]} Qe2+ {[%emt 0:00:02]} 29. Kh3 {[%emt 0:00:01]} d1=Q {[%emt 0:
00:06]} 30. Rxd1 {[%emt 0:00:02]} Qxd1 {[%emt 0:00:01]} 31. Qxf7 {[%emt 0:00:
00]} Qh1# {[%emt 0:00:02]} 0-1

[Event "Benidorm Satellite preliminary"]
[Site "playchess.com #007036"]
[Date "2009.10.24"]
[Round "7"]
[White "Nitroglycérine"]
[Black "Kingsize"]
[Result "1-0"]
[WhiteElo "1846"]
[BlackElo "1460"]
[PlyCount "61"]
[EventDate "2009.10.24"]
[EventType "swiss (blitz)"]

1. e4 {[%emt 0:00:03]} e5 {[%emt 0:00:01]} 2. Nf3 {[%emt 0:00:01]} Nc6 {[%emt
0:00:01]} 3. Bb5 {[%emt 0:00:10]} a6 {[%emt 0:00:02]} 4. Ba4 {[%emt 0:00:00]}
Nf6 {[%emt 0:00:02]} 5. O-O {[%emt 0:00:00]} Be7 {[%emt 0:00:01]} 6. Re1 {
[%emt 0:00:00]} b5 {[%emt 0:00:02]} 7. Bb3 {[%emt 0:00:00]} d6 {[%emt 0:00:01]}
8. c3 {[%emt 0:00:02]} O-O {[%emt 0:00:02]} 9. h3 {[%emt 0:00:00]} Na5 {[%emt
0:00:01]} 10. Bc2 {[%emt 0:00:00]} c5 {[%emt 0:00:01]} 11. d4 {[%emt 0:00:00]}
cxd4 {[%emt 0:00:02]} 12. cxd4 {[%emt 0:00:00]} Nc6 {[%emt 0:00:02]} 13. d5 {
[%emt 0:00:12]} Na5 {[%emt 0:00:21]} 14. Nbd2 {[%emt 0:00:07]} Qc7 {[%emt 0:00:
06]} 15. Nf1 {[%emt 0:00:14]} Bd7 {[%emt 0:00:02]} 16. b3 {[%emt 0:00:10]} Rac8
{[%emt 0:00:02]} 17. Bd3 {[%emt 0:00:01]} Nb7 {[%emt 0:00:30]} 18. Be3 {[%emt
0:00:16]} Nc5 {[%emt 0:00:07]} 19. Rc1 {[%emt 0:00:02]} Qa5 {[%emt 0:00:17]}
20. Bxc5 {[%emt 0:00:20]} Rxc5 {[%emt 0:00:10]} 21. Rxc5 {[%emt 0:00:06]} dxc5
{[%emt 0:00:03]} 22. Nxe5 {[%emt 0:00:09]} Qxa2 {[%emt 0:00:09]} 23. Nxd7 {
[%emt 0:00:24]} Nxd7 {[%emt 0:00:02]} 24. e5 {[%emt 0:00:00]} Qb2 {[%emt 0:01:
05]} 25. f4 {[%emt 0:00:13]} Qd4+ {[%emt 0:00:16]} 26. Ne3 {[%emt 0:00:04]} Bh4
{[%emt 0:00:06]} 27. Re2 {[%emt 0:00:08]} Qxf4 {[%emt 0:00:04]} 28. Ng4 {[%emt
0:00:44] .} Qd4+ {[%emt 0:00:09]} 29. Kh1 {[%emt 0:00:03]} h5 {[%emt 0:00:05]}
30. Re4 {[%emt 0:00:06]} Qxd5 {[%emt 0:00:06]} 31. Ne3 {[%emt 0:00:08] Time}
1-0

[Event "Benidorm Satellite preliminary"]
[Site "playchess.com #007036"]
[Date "2009.10.24"]
[Round "7"]
[White "Phlegias"]
[Black "Roefe"]
[Result "1-0"]
[WhiteElo "1934"]
[BlackElo "1737"]
[PlyCount "65"]
[EventDate "2009.10.24"]
[EventType "swiss (blitz)"]

1. e4 {[%emt 0:00:01]} c5 {[%emt 0:00:01]} 2. Nc3 {[%emt 0:00:02]} e6 {[%emt 0:
00:01]} 3. Nf3 {[%emt 0:00:02]} d5 {[%emt 0:00:01]} 4. exd5 {[%emt 0:00:01]}
exd5 {[%emt 0:00:00]} 5. d4 {[%emt 0:00:01]} Nf6 {[%emt 0:00:03]} 6. Bb5+ {
[%emt 0:00:03]} Nc6 {[%emt 0:00:02]} 7. O-O {[%emt 0:00:01]} cxd4 {[%emt 0:00:
08]} 8. Nxd4 {[%emt 0:00:02]} Bd7 {[%emt 0:00:02]} 9. Re1+ {[%emt 0:00:01]} Be7
{[%emt 0:00:01]} 10. Bg5 {[%emt 0:00:03]} O-O {[%emt 0:00:07]} 11. Rxe7 {[%emt
0:00:27]} Nxe7 {[%emt 0:00:08]} 12. Bxf6 {[%emt 0:00:01]} gxf6 {[%emt 0:00:08]}
13. Bd3 {[%emt 0:00:03]} f5 {[%emt 0:00:04]} 14. Qh5 {[%emt 0:00:04]} Ng6 {
[%emt 0:00:33]} 15. Nxd5 {[%emt 0:00:22]} Be6 {[%emt 0:00:19]} 16. Nxf5 {[%emt
0:00:18]} Bxf5 {[%emt 0:00:40]} 17. Qxf5 {[%emt 0:00:03]} Qd6 {[%emt 0:00:22]}
18. Re1 {[%emt 0:01:05] .} Rfd8 {[%emt 0:00:16]} 19. Nf6+ {[%emt 0:00:12]} Kg7
{[%emt 0:00:02]} 20. Nh5+ {[%emt 0:00:04]} Kg8 {[%emt 0:00:15]} 21. h4 {[%emt
0:00:04]} Rac8 {[%emt 0:00:23]} 22. Qg5 {[%emt 0:00:03]} Rc5 {[%emt 0:00:03]}
23. Qh6 {[%emt 0:00:03]} Qd4 {[%emt 0:00:02]} 24. Re4 {[%emt 0:00:11]} Qh8 {
[%emt 0:00:02]} 25. Qe3 {[%emt 0:00:11]} Rxh5 {[%emt 0:00:02]} 26. Re8+ {[%emt
0:00:15]} Rxe8 {[%emt 0:00:01]} 27. Qxe8+ {[%emt 0:00:00]} Kg7 {[%emt 0:00:02]}
28. Qd7 {[%emt 0:00:02]} Qf8 {[%emt 0:00:02]} 29. Qxb7 {[%emt 0:00:02]} Qd6 {
[%emt 0:00:04]} 30. Qb3 {[%emt 0:00:02]} Rxh4 {[%emt 0:00:02]} 31. Qc3+ {[%emt
0:00:01]} Kh6 {[%emt 0:00:02]} 32. Qd2+ {[%emt 0:00:03]} Nf4 {[%emt 0:00:03]}
33. g3 {[%emt 0:00:01] Zeit} 1-0

[Event "Benidorm Satellite preliminary"]
[Site "playchess.com #007036"]
[Date "2009.10.24"]
[Round "7"]
[White "Chessir"]
[Black "LA ROSA ANGEL"]
[Result "0-1"]
[WhiteElo "1937"]
[BlackElo "1720"]
[PlyCount "78"]
[EventDate "2009.10.24"]
[EventType "swiss (blitz)"]

1. e4 {[%emt 0:00:02]} e6 {[%emt 0:00:01]} 2. Nf3 {[%emt 0:00:02]} d5 {[%emt 0:
00:01]} 3. exd5 {[%emt 0:00:02]} exd5 {[%emt 0:00:02]} 4. d4 {[%emt 0:00:03]}
Nf6 {[%emt 0:00:01]} 5. Bd3 {[%emt 0:00:06]} Bd6 {[%emt 0:00:01]} 6. O-O {
[%emt 0:00:01]} O-O {[%emt 0:00:01]} 7. c4 {[%emt 0:00:01]} c6 {[%emt 0:00:02]}
8. c5 {[%emt 0:00:01]} Bc7 {[%emt 0:00:01]} 9. Nc3 {[%emt 0:00:01]} Bg4 {[%emt
0:00:01]} 10. Bg5 {[%emt 0:00:02]} Nbd7 {[%emt 0:00:03]} 11. Qc2 {[%emt 0:00:
06]} h6 {[%emt 0:00:03]} 12. Bxf6 {[%emt 0:00:06]} Nxf6 {[%emt 0:00:02]} 13.
Ne5 {[%emt 0:00:02]} Re8 {[%emt 0:00:08]} 14. f3 {[%emt 0:00:11]} Bd7 {[%emt 0:
00:03]} 15. Rfe1 {[%emt 0:00:10]} Nh5 {[%emt 0:00:05]} 16. Nxf7 {[%emt 0:00:02]
} Kxf7 {[%emt 0:00:01]} 17. Bg6+ {[%emt 0:00:02]} Kg8 {[%emt 0:00:01]} 18.
Rxe8+ {[%emt 0:00:02]} Bxe8 {[%emt 0:00:01]} 19. Qf5 {[%emt 0:00:16]} Bxg6 {
[%emt 0:00:05]} 20. Qxg6 {[%emt 0:00:01]} Qg5 {[%emt 0:00:10]} 21. Qe6+ {[%emt
0:00:02]} Kh7 {[%emt 0:00:03]} 22. g4 {[%emt 0:00:07]} Nf4 {[%emt 0:00:08]} 23.
Qd7 {[%emt 0:00:11]} Bd8 {[%emt 0:00:11]} 24. Qxb7 {[%emt 0:00:04]} Bf6 {[%emt
0:00:08]} 25. Qxa8 {[%emt 0:00:08]} Bxd4+ {[%emt 0:00:01]} 26. Kh1 {[%emt 0:00:
03]} Nh3 {[%emt 0:00:07]} 27. Qxc6 {[%emt 0:00:06]} Qe5 {[%emt 0:00:28]} 28.
Nxd5 {[%emt 0:00:15]} Nf2+ {[%emt 0:00:02]} 29. Kg1 {[%emt 0:00:02]} Nd3+ {
[%emt 0:00:07]} 30. Kh1 {[%emt 0:00:12]} Qe2 {[%emt 0:00:02]} 31. Nc3 {[%emt 0:
00:11]} Nf2+ {[%emt 0:00:06]} 32. Kg2 {[%emt 0:00:08]} Qc2 {[%emt 0:00:02]} 33.
Qe6 {[%emt 0:00:47]} Ne4+ {[%emt 0:00:11]} 34. Kh1 {[%emt 0:00:22]} Nf2+ {
[%emt 0:00:09]} 35. Kg2 {[%emt 0:00:03]} Nxg4+ {[%emt 0:00:04]} 36. Kg3 {[%emt
0:00:03]} Nf6 {[%emt 0:00:34] '} 37. Rd1 {[%emt 0:00:05]} Qf2+ {[%emt 0:00:09]}
38. Kf4 {[%emt 0:00:02]} Qxh2+ {[%emt 0:00:04]} 39. Kf5 {[%emt 0:00:01]} Qh3+ {
[%emt 0:00:02] Tiempo} 0-1

[Event "Benidorm Satellite preliminary"]
[Site "playchess.com #007036"]
[Date "2009.10.24"]
[Round "7"]
[White "Wun2"]
[Black "Matty_xxx"]
[Result "1-0"]
[WhiteElo "1850"]
[BlackElo "2221"]
[PlyCount "83"]
[EventDate "2009.10.24"]
[EventType "swiss (blitz)"]

1. d4 {[%emt 0:00:01]} Nf6 {[%emt 0:00:02]} 2. c4 {[%emt 0:00:01]} e6 {[%emt 0:
00:01]} 3. Nc3 {[%emt 0:00:01]} Bb4 {[%emt 0:00:01]} 4. Bg5 {[%emt 0:00:01]} h6
{[%emt 0:00:03]} 5. Bh4 {[%emt 0:00:02]} c5 {[%emt 0:00:01]} 6. d5 {[%emt 0:00:
02]} Bxc3+ {[%emt 0:00:02]} 7. bxc3 {[%emt 0:00:01]} d6 {[%emt 0:00:00]} 8. e3
{[%emt 0:00:03]} Qe7 {[%emt 0:00:02]} 9. Nf3 {[%emt 0:00:01]} Nbd7 {[%emt 0:00:
02]} 10. Nd2 {[%emt 0:00:09]} e5 {[%emt 0:00:24]} 11. Qc2 {[%emt 0:00:02]} g5 {
[%emt 0:00:06]} 12. Bg3 {[%emt 0:00:01]} Nh5 {[%emt 0:00:00]} 13. Bd3 {[%emt 0:
00:02]} Ndf6 {[%emt 0:00:07]} 14. f3 {[%emt 0:00:05]} Nxg3 {[%emt 0:00:02]} 15.
hxg3 {[%emt 0:00:02]} Bd7 {[%emt 0:00:01]} 16. Rb1 {[%emt 0:00:12]} O-O-O {
[%emt 0:00:02]} 17. Qb3 {[%emt 0:00:02]} Be8 {[%emt 0:00:16]} 18. Qa3 {[%emt 0:
00:22]} Kb8 {[%emt 0:00:03]} 19. Nb3 {[%emt 0:00:02]} Nd7 {[%emt 0:00:09]} 20.
Na5 {[%emt 0:00:02]} Nb6 {[%emt 0:00:01]} 21. Rb3 {[%emt 0:00:15]} Ba4 {[%emt
0:00:07]} 22. Rb1 {[%emt 0:00:17]} Bd7 {[%emt 0:00:01]} 23. g4 {[%emt 0:00:09]}
e4 {[%emt 0:00:08]} 24. Bxe4 {[%emt 0:00:04]} Bxg4 {[%emt 0:00:01]} 25. Kf2 {
[%emt 0:00:08]} Bc8 {[%emt 0:00:02]} 26. Nc6+ {[%emt 0:00:39]} bxc6 {[%emt 0:
00:03]} 27. dxc6 {[%emt 0:00:01]} Qc7 {[%emt 0:00:13]} 28. Rb2 {[%emt 0:00:21]}
Be6 {[%emt 0:00:18]} 29. Rhb1 {[%emt 0:00:05]} d5 {[%emt 0:01:02] '} 30. Qa6 {
[%emt 0:00:30]} Qxc6 {[%emt 0:00:08]} 31. Rxb6+ {[%emt 0:00:02]} axb6 {[%emt 0:
00:00]} 32. Rxb6+ {[%emt 0:00:02]} Qxb6 {[%emt 0:00:01]} 33. Qxb6+ {[%emt 0:00:
01]} Ka8 {[%emt 0:00:11]} 34. cxd5 {[%emt 0:00:10]} Bxd5 {[%emt 0:00:00]} 35.
Bxd5+ {[%emt 0:00:01]} Rxd5 {[%emt 0:00:02]} 36. Qc6+ {[%emt 0:00:00]} Ka7 {
[%emt 0:00:01]} 37. Qxd5 {[%emt 0:00:00]} Kb6 {[%emt 0:00:03]} 38. Qxf7 {[%emt
0:00:02]} Rd8 {[%emt 0:00:02]} 39. Qf6+ {[%emt 0:00:01]} Kc7 {[%emt 0:00:02]}
40. Qxh6 {[%emt 0:00:01]} Rd2+ {[%emt 0:00:01]} 41. Kg3 {[%emt 0:00:01]} Rxa2 {
[%emt 0:00:01]} 42. Qxg5 {[%emt 0:00:01] Matty_xxx gibt auf} 1-0

[Event "Benidorm Satellite preliminary"]
[Site "playchess.com #007036"]
[Date "2009.10.24"]
[Round "7"]
[White "Beckhambauer"]
[Black "Sff3"]
[Result "1-0"]
[WhiteElo "1589"]
[BlackElo "1704"]
[PlyCount "127"]
[EventDate "2009.10.24"]
[EventType "swiss (blitz)"]

1. d4 {[%emt 0:00:04]} d5 {[%emt 0:00:02]} 2. c4 {[%emt 0:00:01]} dxc4 {[%emt
0:00:08]} 3. Nf3 {[%emt 0:00:01]} c5 {[%emt 0:00:02]} 4. e3 {[%emt 0:00:03]} e6
{[%emt 0:00:01]} 5. Bxc4 {[%emt 0:00:07]} Nf6 {[%emt 0:00:00]} 6. O-O {[%emt 0:
00:03]} Be7 {[%emt 0:00:04]} 7. a3 {[%emt 0:00:03]} O-O {[%emt 0:00:02]} 8.
Nbd2 {[%emt 0:00:01]} Nc6 {[%emt 0:00:02]} 9. Qe2 {[%emt 0:00:06]} cxd4 {[%emt
0:00:01]} 10. exd4 {[%emt 0:00:03]} Nxd4 {[%emt 0:00:01]} 11. Nxd4 {[%emt 0:00:
05]} Qxd4 {[%emt 0:00:00]} 12. Rd1 {[%emt 0:00:04]} Qg4 {[%emt 0:00:02]} 13.
Nf3 {[%emt 0:00:10]} b6 {[%emt 0:00:04]} 14. h3 {[%emt 0:00:01]} Qh5 {[%emt 0:
00:01]} 15. Qc2 {[%emt 0:00:34]} Bb7 {[%emt 0:00:05]} 16. Ne1 {[%emt 0:00:21]}
Be4 {[%emt 0:00:19]} 17. Qb3 {[%emt 0:00:07]} Rfd8 {[%emt 0:00:03]} 18. Be3 {
[%emt 0:00:04]} Bd5 {[%emt 0:00:05]} 19. Bxd5 {[%emt 0:00:16]} Nxd5 {[%emt 0:
00:07]} 20. Nf3 {[%emt 0:00:16]} Rac8 {[%emt 0:00:07]} 21. Rd4 {[%emt 0:00:10]}
Nxe3 {[%emt 0:00:02]} 22. Rxd8+ {[%emt 0:00:02]} Rxd8 {[%emt 0:00:02]} 23. Qxe3
{[%emt 0:00:01]} Qd5 {[%emt 0:00:01]} 24. Rc1 {[%emt 0:00:12]} h6 {[%emt 0:00:
29]} 25. Rc7 {[%emt 0:00:03]} Bd6 {[%emt 0:00:01]} 26. Rc1 {[%emt 0:00:04]} Bb8
{[%emt 0:00:03]} 27. g3 {[%emt 0:00:03]} Kh7 {[%emt 0:00:09]} 28. Kh2 {[%emt 0:
00:11]} Qd3 {[%emt 0:00:02]} 29. Qxd3+ {[%emt 0:00:12]} Rxd3 {[%emt 0:00:03]}
30. Ne1 {[%emt 0:00:08]} Rd2 {[%emt 0:00:02]} 31. Rc2 {[%emt 0:00:03]} Rxc2 {
[%emt 0:00:02]} 32. Nxc2 {[%emt 0:00:01]} Be5 {[%emt 0:00:00]} 33. b3 {[%emt 0:
00:04]} f5 {[%emt 0:00:06]} 34. Kg2 {[%emt 0:00:02]} Bb2 {[%emt 0:00:02]} 35.
a4 {[%emt 0:00:02]} e5 {[%emt 0:00:02]} 36. Ne3 {[%emt 0:00:02]} g6 {[%emt 0:
00:02]} 37. Nc4 {[%emt 0:00:03]} e4 {[%emt 0:00:02]} 38. Nxb2 {[%emt 0:00:01]}
Kg7 {[%emt 0:00:02]} 39. Nd1 {[%emt 0:00:04]} Kf6 {[%emt 0:00:01]} 40. Ne3 {
[%emt 0:00:01]} Ke5 {[%emt 0:00:01]} 41. f3 {[%emt 0:00:01]} Kd4 {[%emt 0:00:
03]} 42. Kf2 {[%emt 0:00:07]} Kc3 {[%emt 0:00:01]} 43. fxe4 {[%emt 0:00:01]}
fxe4 {[%emt 0:00:00]} 44. Ng4 {[%emt 0:00:02]} h5 {[%emt 0:00:02]} 45. Ne5 {
[%emt 0:00:02]} Kxb3 {[%emt 0:00:00]} 46. Nxg6 {[%emt 0:00:01]} Kxa4 {[%emt 0:
00:01]} 47. Ke3 {[%emt 0:00:01]} Kb3 {[%emt 0:00:01]} 48. Kxe4 {[%emt 0:00:00]}
a5 {[%emt 0:00:00]} 49. g4 {[%emt 0:00:01]} a4 {[%emt 0:00:00]} 50. gxh5 {
[%emt 0:00:03]} a3 {[%emt 0:00:01]} 51. h6 {[%emt 0:00:02]} a2 {[%emt 0:00:01]}
52. h7 {[%emt 0:00:01]} a1=Q {[%emt 0:00:01]} 53. h8=Q {[%emt 0:00:02]} Qxh8 {
[%emt 0:00:00]} 54. Nxh8 {[%emt 0:00:01]} Kc2 {[%emt 0:00:01]} 55. Nf7 {[%emt
0:00:04]} b5 {[%emt 0:00:00]} 56. Ne5 {[%emt 0:00:03]} b4 {[%emt 0:00:00]} 57.
Nd3 {[%emt 0:00:05]} b3 {[%emt 0:00:02]} 58. h4 {[%emt 0:00:01]} Kc3 {[%emt 0:
00:02]} 59. h5 {[%emt 0:00:01]} b2 {[%emt 0:00:00]} 60. Nxb2 {[%emt 0:00:02]}
Kxb2 {[%emt 0:00:00]} 61. h6 {[%emt 0:00:01]} Kc2 {[%emt 0:00:00]} 62. h7 {
[%emt 0:00:01]} Kd2 {[%emt 0:00:02]} 63. h8=Q {[%emt 0:00:02]} Kc2 {[%emt 0:00:
01]} 64. Qh3 {[%emt 0:00:02] Sff3 abandonne} 1-0

[Event "Benidorm Satellite preliminary"]
[Site "playchess.com #007036"]
[Date "2009.10.24"]
[Round "7"]
[White "Goldaxe"]
[Black "KVR"]
[Result "0-1"]
[WhiteElo "2083"]
[BlackElo "2534"]
[PlyCount "76"]
[EventDate "2009.10.24"]
[EventType "swiss (blitz)"]

1. Nf3 {[%emt 0:00:01]} Nf6 {[%emt 0:00:02]} 2. c4 {[%emt 0:00:01]} g6 {[%emt
0:00:01]} 3. b4 {[%emt 0:00:01]} Bg7 {[%emt 0:00:01]} 4. Bb2 {[%emt 0:00:00]}
O-O {[%emt 0:00:01]} 5. g3 {[%emt 0:00:01]} a5 {[%emt 0:00:02]} 6. a3 {[%emt 0:
00:02]} axb4 {[%emt 0:00:02]} 7. axb4 {[%emt 0:00:00]} Rxa1 {[%emt 0:00:01]} 8.
Bxa1 {[%emt 0:00:00]} d5 {[%emt 0:00:03]} 9. cxd5 {[%emt 0:00:02]} Nxd5 {[%emt
0:00:02]} 10. Bxg7 {[%emt 0:00:02]} Kxg7 {[%emt 0:00:00]} 11. Qb3 {[%emt 0:00:
02]} Qd6 {[%emt 0:00:04]} 12. b5 {[%emt 0:00:10]} e5 {[%emt 0:00:02]} 13. Nc3 {
[%emt 0:00:10]} Be6 {[%emt 0:00:03]} 14. Ng5 {[%emt 0:00:02]} Nd7 {[%emt 0:00:
21]} 15. Bg2 {[%emt 0:00:09]} Nc5 {[%emt 0:00:10]} 16. Nxe6+ {[%emt 0:00:15]}
fxe6 {[%emt 0:00:00]} 17. Qc4 {[%emt 0:00:04]} Nb6 {[%emt 0:00:09]} 18. Qg4 {
[%emt 0:00:17]} h5 {[%emt 0:00:05]} 19. Qh4 {[%emt 0:00:15]} Qd4 {[%emt 0:00:
38]} 20. O-O {[%emt 0:00:32]} Qxh4 {[%emt 0:00:03]} 21. gxh4 {[%emt 0:00:01]}
Rf4 {[%emt 0:00:02]} 22. d3 {[%emt 0:00:07]} Rxh4 {[%emt 0:00:02]} 23. Ne4 {
[%emt 0:00:02]} Nb3 {[%emt 0:00:20]} 24. e3 {[%emt 0:00:12]} Nd5 {[%emt 0:00:
13]} 25. Rb1 {[%emt 0:00:07]} Na5 {[%emt 0:00:03]} 26. Kf1 {[%emt 0:00:13]}
Rxh2 {[%emt 0:00:03]} 27. Nc5 {[%emt 0:00:05]} Kf6 {[%emt 0:00:05]} 28. Nd7+ {
[%emt 0:00:05]} Kg7 {[%emt 0:00:22]} 29. Nxe5 {[%emt 0:00:02]} Rh4 {[%emt 0:00:
08]} 30. Rc1 {[%emt 0:00:07]} Rb4 {[%emt 0:00:11]} 31. Bxd5 {[%emt 0:00:04]}
exd5 {[%emt 0:00:02]} 32. Rxc7+ {[%emt 0:00:01]} Kf6 {[%emt 0:00:01]} 33. d4 {
[%emt 0:00:14]} Rxb5 {[%emt 0:00:05]} 34. Ke2 {[%emt 0:00:05]} Rb2+ {[%emt 0:
00:10]} 35. Kf3 {[%emt 0:00:04]} Nb3 {[%emt 0:00:12]} 36. Kg3 {[%emt 0:00:01]}
Nd2 {[%emt 0:00:01]} 37. f3 {[%emt 0:00:05]} Nf1+ {[%emt 0:00:01]} 38. Kf4 {
[%emt 0:00:13]} g5# {[%emt 0:00:02]} 0-1